[Event "Kvika Reykjavik Open 2022"]
[Site "Reykjavik, Iceland"]
[Date "2022.04.09"]
[Round "5.52"]
[White "Finnsson, Johann Arnar"]
[Black "Mai, Aron Thor"]
[Result "0-1"]
[WhiteElo "1805"]
[BlackElo "2081"]
[PlyCount "96"]
[EventDate "2022.??.??"]

1. g3 {[%eval 16,0]} Nf6 {[%eval 4,0]} 2. Bg2 {[%eval 16,0]} g6 {[%eval 4,0]}
3. c4 {[%eval 22,0]} Bg7 {[%eval 47,0]} 4. Nc3 {[%eval 19,0]} O-O {[%eval 21,0]
} 5. d3 {[%eval 9,0]} d6 {[%eval 28,0]} 6. Rb1 {[%eval 0,0]} c5 {[%eval 48,0]}
7. e3 {[%eval 43,0]} Nc6 {[%eval 25,0]} 8. Nge2 {[%eval 25,0]} Bd7 {[%eval 34,
0]} 9. a3 {[%eval 26,0]} Rb8 {[%eval 31,0]} 10. b4 {[%eval 3,0]} b6 $6 {
[%eval 84,0] Inaccuracy. a6 was best.} (10... a6 11. bxc5 dxc5 12. O-O b6 13.
e4 Ne8 14. f4 Nd4 15. Be3 Bc6 16. e5 Bxg2 17. Kxg2) 11. h4 $6 {[%eval 6,0]
Inaccuracy. b5 was best.} (11. b5 Na5) 11... Ne5 {[%eval 3,0]} 12. b5 {[%eval
42,0]} Bg4 {[%eval 34,0]} 13. f4 {[%eval 48,0]} Ned7 {[%eval 43,0]} 14. Qa4 {
[%eval 88,0]} Qc7 {[%eval 56,0]} 15. Bb2 {[%eval 65,0]} e6 {[%eval 69,0]} 16.
O-O {[%eval 67,0]} Nh5 {[%eval 66,0]} 17. Bf3 $6 {[%eval -31,0] Inaccuracy.
Qc2 was best.} (17. Qc2) 17... Ndf6 {[%eval -22,0]} 18. e4 {[%eval -44,0]} Bxf3
{[%eval -36,0]} 19. Rxf3 {[%eval -47,0]} Ng4 {[%eval -22,0]} 20. Nd1 {[%eval
-199,0]} f5 {[%eval -9,0]} 21. Nf2 {[%eval -172,0]} Nxf2 {[%eval -11,0]} 22.
Kxf2 {[%eval -188,0]} Nf6 $4 {[%eval 31,0] Blunder. Bxb2 was best.} (22... Bxb2
23. Rxb2) 23. Bxf6 {[%eval 15,0]} Bxf6 {[%eval 39,0]} 24. Qc2 {[%eval 4,0]}
Rbe8 {[%eval 0,0]} 25. Re1 {[%eval 8,0]} Qd7 {[%eval 0,0]} 26. a4 {[%eval 13,0]
} fxe4 {[%eval 14,0]} 27. dxe4 {[%eval 37,0]} d5 $6 {[%eval 109,0] Inaccuracy.
Bd4+ was best.} (27... Bd4+ 28. Kg2 e5 29. Ref1 exf4 30. Rxf4 Be5 31. Rxf8+
Rxf8 32. Rxf8+ Kxf8 33. Ng1 Kg7 34. Nh3) 28. e5 {[%eval 107,0]} Bg7 $6 {
[%eval 107,0] Inaccuracy. Be7 was best.} (28... Be7 29. Rd1 d4 30. Qe4 a6 31.
Ra3 Qc8 32. Rda1 Qa8 33. Qxa8 Rxa8 34. Nc1 a5 35. Nd3) 29. Rd1 $6 {[%eval 101,
0] Inaccuracy. Ng1 was best.} (29. Ng1 dxc4 30. Rc3 Rd8 31. Nf3 Qd5 32. Rxc4
Rd7 33. Rc3 Rfd8 34. h5 gxh5 35. Rh1 h6) 29... Qb7 $2 {[%eval 247,0] Mistake.
Qf7 was best.} (29... Qf7) 30. Ng1 $2 {[%eval 119,0] Mistake. cxd5 was best.} (
30. cxd5 exd5 31. Qa2 c4 32. Kg2 Rf7 33. Nd4 Qc8 34. Qd2 Qg4 35. Nc6 Rd7 36.
Re1 h5) 30... d4 {[%eval 144,0]} 31. Re1 {[%eval 141,0]} Ra8 {[%eval 131,0]}
32. Rb3 {[%eval 96,0]} a6 {[%eval 100,0]} 33. Nf3 {[%eval 57,0]} axb5 {[%eval
4,0]} 34. Rxb5 {[%eval 88,0]} Qc6 $4 {[%eval 271,0] Blunder. Bh6 was best.} (
34... Bh6 35. Rb3) 35. Reb1 {[%eval 207,0]} Ra6 {[%eval 307,0]} 36. R1b2 $2 {
[%eval 155,0] Mistake. h5 was best.} (36. h5 gxh5 37. a5 h4 38. Rxb6 Rxb6 39.
Rxb6 Qa8 40. Ng5 Rf5 41. Qe4 hxg3+ 42. Kf3 Qxe4+) 36... Rd8 $6 {[%eval 252,0]
Inaccuracy. Bh6 was best.} (36... Bh6 37. a5 Rxa5 38. Rxb6 Qa8 39. R6b3 Ra7 40.
Qb1 Ra1 41. Qd3 Ra2 42. Rxa2 Qxa2+ 43. Nd2) 37. Qd3 {[%eval 248,0]} Re8 $2 {
[%eval 453,0] Mistake. Bh6 was best.} (37... Bh6 38. Nd2 Bf8 39. Ne4 Be7 40. h5
gxh5 41. a5 Rb8 42. Qb1 h4 43. Rxb6 Rbxb6 44. Rxb6) 38. Qc2 $2 {[%eval 205,0]
Mistake. h5 was best.} (38. h5 Rf8 39. hxg6 h5 40. Qb1 Qa8 41. Qh1 Rf5 42. a5
Rxa5 43. Rxb6 Bf8 44. Rb8 Qc6) 38... Bf8 {[%eval 253,0]} 39. Nd2 $6 {[%eval
167,0] Inaccuracy. h5 was best.} (39. h5 gxh5 40. Ng5 Qd7 41. Qd3 Rxa4 42. Rxb6
Rb4 43. Qe4 Re7 44. R2xb4 cxb4 45. Nxe6 Qa7) 39... Be7 {[%eval 182,0]} 40. Ne4
{[%eval 142,0]} Rf8 {[%eval 191,0]} 41. Qb1 $4 {[%eval 9,0] Blunder. a5 was
best.} (41. a5 Bxh4 42. Kg1 Bxg3 43. Qg2 Qa8 44. Nxg3 Rxa5 45. Ne4 Rxb5 46.
Nf6+ Kg7 47. Qxa8 Rxa8) 41... Bxh4 {[%eval 0,0]} 42. Rxb6 $4 {[%eval -400,0]
Blunder. Kf3 was best.} (42. Kf3 Bd8 43. a5 Rxa5 44. Rxa5 bxa5 45. Rb7 a4 46.
Kf2 Bh4 47. Kf3) 42... Rxb6 {[%eval -201,0]} 43. Rxb6 {[%eval -205,0]} Rxf4+ {
[%eval -397,0]} 44. Kg1 {[%eval -372,0]} Qxe4 {[%eval -364,0]} 45. gxf4 $4 {
[%eval -32753,0] Checkmate is now unavoidable. Qxe4 was best.} (45. Qxe4 Rxe4
46. gxh4 d3 47. Kf2 Rxc4 48. a5 Rxh4 49. a6 Ra4 50. Rxe6 c4 51. Rc6 Kf7) 45...
Qe3+ {[%eval -32755,0]} 46. Kg2 {[%eval -32755,0]} Qf2+ {[%eval -32757,0]} 47.
Kh1 {[%eval -32757,0]} Qf3+ {[%eval -32759,0]} 48. Kg1 {[%eval -32759,0]} Bf2+
{[%eval -32761,0]} 0-1

[Event "Kvika Reykjavik Open 2022"]
[Site "Reykjavik, Iceland"]
[Date "2022.04.09"]
[Round "5.53"]
[White "Hauksdottir, Hrund"]
[Black "Bosboom, Ardin"]
[Result "0-1"]
[WhiteElo "1746"]
[BlackElo "2078"]
[PlyCount "58"]
[EventDate "2022.??.??"]

1. e4 {[%eval 33,0]} c5 {[%eval 32,0]} 2. Nf3 {[%eval 0,0]} Nc6 {[%eval 0,0]}
3. d4 {[%eval 36,0]} cxd4 {[%eval 38,0]} 4. Nxd4 {[%eval 29,0]} Nf6 {[%eval 36,
0]} 5. Nc3 {[%eval 32,0]} e5 {[%eval 13,0]} 6. Ndb5 {[%eval 38,0]} d6 {[%eval
42,0]} 7. Bg5 {[%eval 0,0]} a6 {[%eval 25,0]} 8. Na3 {[%eval 41,0]} b5 {
[%eval 33,0]} 9. Nd5 {[%eval 5,0]} Be7 {[%eval 38,0]} 10. Bxf6 {[%eval 52,0]}
Bxf6 {[%eval 35,0]} 11. Be2 {[%eval 3,0]} O-O {[%eval 16,0]} 12. O-O {[%eval 0,
0]} Ne7 $6 {[%eval 6,0] Inaccuracy. Bg5 was best.} (12... Bg5 13. c4 b4 14. Nc2
a5 15. b3 Be6 16. Qd3 g6 17. Rad1 Bh6 18. Nde3 Qc8 19. Kh1) 13. c4 {[%eval 13,
0]} Nxd5 {[%eval 23,0]} 14. cxd5 $2 {[%eval 82,0] Mistake. Qxd5 was best.} (14.
Qxd5 Be6 15. Qd3 bxc4 16. Nxc4 a5 17. Rfd1 a4 18. h3 Be7 19. Bg4 Bxc4 20. Qxc4
g6) 14... Bg5 {[%eval 56,0]} 15. Nc2 {[%eval 52,0]} f5 {[%eval 76,0]} 16. exf5
{[%eval 61,0]} Bxf5 {[%eval 49,0]} 17. Bd3 $6 {[%eval -88,0] Inaccuracy. a4
was best.} (17. a4 bxa4 18. Rxa4 Qb8 19. b4 Qb6 20. Ra3 a5 21. Rxa5 Rxa5 22.
bxa5 Qxa5 23. Bg4 Bg6) 17... Qb6 {[%eval 92,0]} 18. Bxf5 {[%eval -86,0]} Rxf5 {
[%eval -78,0]} 19. Qe2 {[%eval -84,0]} Raf8 {[%eval -87,0]} 20. Rad1 {[%eval
-85,0]} h5 {[%eval -94,0]} 21. Rd3 {[%eval 88,0]} Qc5 {[%eval 94,0]} 22. b4 $2
{[%eval -138,0] Mistake. Ra3 was best.} (22. Ra3) 22... Qc4 {[%eval -284,0]}
23. a3 $4 {[%eval -791,0] Blunder. Qd1 was best.} (23. Qd1 Qxa2) 23... e4 {
[%eval -623,0]} 24. Re3 {[%eval -854,0]} Bxe3 {[%eval -869,0]} 25. Qxc4 {
[%eval -1171,0]} Bxf2+ {[%eval -1172,0]} 26. Rxf2 {[%eval -1316,0]} bxc4 {
[%eval -622,0]} 27. Rxf5 {[%eval -603,0]} Rxf5 {[%eval -616,0]} 28. Ne3 {
[%eval -792,0]} c3 {[%eval -634,0]} 29. h3 {[%eval -739,0]} Rxd5 {[%eval -716,
0]} 0-1

[Event "Kvika Reykjavik Open 2022"]
[Site "Reykjavik, Iceland"]
[Date "2022.04.09"]
[Round "5.54"]
[White "Haugen, Lars Tormod"]
[Black "Dougherty, Michael"]
[Result "0-1"]
[WhiteElo "1741"]
[BlackElo "2066"]
[PlyCount "116"]
[EventDate "2022.??.??"]

1. c4 {[%eval 23,0]} g6 {[%eval 44,0]} 2. Nc3 {[%eval 13,0]} Bg7 {[%eval 33,0]}
3. g3 {[%eval 0,0]} d6 $6 {[%eval 62,0] Inaccuracy. c5 was best.} (3... c5 4.
Bg2 Nc6 5. e3 e6 6. Nge2 Nge7 7. O-O O-O 8. d4) 4. Bg2 {[%eval 26,0]} e5 {
[%eval 21,0]} 5. d3 {[%eval 27,0]} Nc6 {[%eval 25,0]} 6. e4 {[%eval 2,0]} Nd4 {
[%eval 3,0]} 7. Nge2 {[%eval 29,0]} h5 {[%eval 34,0]} 8. h3 {[%eval 36,0]} g5
$6 {[%eval 113,0] Inaccuracy. Nxe2 was best.} (8... Nxe2 9. Qxe2) 9. Nxd4 {
[%eval 137,0]} exd4 {[%eval 147,0]} 10. Ne2 {[%eval 117,0]} h4 $6 {[%eval 176,
0] Inaccuracy. Be5 was best.} (10... Be5) 11. g4 {[%eval 182,0]} Be5 {[%eval
171,0]} 12. f4 {[%eval 102,0]} gxf4 {[%eval 132,0]} 13. Nxf4 {[%eval 112,0]}
Ne7 {[%eval 145,0]} 14. O-O {[%eval 161,0]} Be6 {[%eval 171,0]} 15. Nxe6 {
[%eval 128,0]} fxe6 {[%eval 103,0]} 16. Bg5 {[%eval 131,0]} Qd7 {[%eval 125,0]}
17. Qd2 {[%eval 127,0]} Ng6 {[%eval 136,0]} 18. Bf6 $4 {[%eval 46,0] Blunder.
Rf3 was best.} (18. Rf3) 18... Bxf6 {[%eval 47,0]} 19. Rxf6 {[%eval 4,0]} Ne5 {
[%eval 55,0]} 20. Raf1 {[%eval 69,0]} O-O-O {[%eval 2,0]} 21. R1f4 $2 {[%eval
-27,0] Mistake. b4 was best.} (21. b4 Qe7 22. Qf2 c5 23. bxc5 dxc5 24. Qd2 Rdg8
25. a4 a6 26. a5 Rg7 27. Kh1 Re8) 21... c5 $6 {[%eval -88,0] Inaccuracy. Qe7
was best.} (21... Qe7) 22. Bf1 {[%eval -64,0]} Qg7 {[%eval -53,0]} 23. Qf2 {
[%eval -57,0]} Rh6 {[%eval -100,0]} 24. Be2 $6 {[%eval -11,0] Inaccuracy. Rxh6
was best.} (24. Rxh6 Qxh6 25. Rf6 Qc1 26. Kg2 Qe3 27. Qxh4 Nxd3 28. Bxd3 Qxd3
29. g5 Qxc4 30. Qg4 Kc7) 24... Rxf6 {[%eval -136,0]} 25. Rxf6 {[%eval -199,0]}
Kd7 {[%eval -147,0]} 26. Kg2 {[%eval -126,0]} Qg5 $6 {[%eval -12,0] Inaccuracy.
Ke7 was best.} (26... Ke7) 27. Qf4 {[%eval -23,0]} Qxf4 {[%eval -11,0]} 28.
Rxf4 {[%eval -11,0]} Ke7 $6 {[%eval 85,0] Inaccuracy. Rg8 was best.} (28... Rg8
29. Rf6) 29. g5 {[%eval 89,0]} Ng6 {[%eval 88,0]} 30. Rf6 {[%eval 83,0]} Rg8 {
[%eval 62,0]} 31. Bg4 {[%eval 74,0]} Nf8 {[%eval 87,0]} 32. Rh6 {[%eval 63,0]}
Rxg5 {[%eval 79,0]} 33. Rxh4 {[%eval 66,0]} Rg7 {[%eval 81,0]} 34. Rh6 {
[%eval 6,0]} a6 {[%eval 76,0]} 35. Kf3 {[%eval 86,0]} Ng6 {[%eval -100,0]} 36.
Ke2 {[%eval 78,0]} b5 {[%eval 81,0]} 37. cxb5 $6 {[%eval -12,0] Inaccuracy. b3
was best.} (37. b3 b4) 37... axb5 {[%eval -28,0]} 38. Kd2 {[%eval -168,0]} Nf4
{[%eval -192,0]} 39. b3 $6 {[%eval -111,0] Inaccuracy. a3 was best.} (39. a3
Rg8) 39... b4 {[%eval -300,0]} 40. Kc2 {[%eval -113,0]} Rg8 {[%eval -268,0]}
41. Rh7+ {[%eval -262,0]} Kf6 {[%eval -291,0]} 42. Rh6+ $2 {[%eval -448,0]
Mistake. Ra7 was best.} (42. Ra7 Ng2 43. a4 bxa3 44. Rxa3 Ne3+ 45. Kd2 Ke5 46.
Ra5 Rb8 47. Ra3 Rf8 48. Ke2 Rf1) 42... Ke5 {[%eval -658,0]} 43. Kb1 {[%eval
-672,0]} Ra8 {[%eval -653,0]} 44. Ka1 {[%eval -792,0]} d5 $4 {[%eval -265,0]
Blunder. Re8 was best.} (44... Re8) 45. Bxe6 $4 {[%eval -769,0] Blunder. exd5
was best.} (45. exd5 exd5) 45... dxe4 {[%eval -764,0]} 46. Bg4 {[%eval -798,0]}
Nxd3 {[%eval -737,0]} 47. Kb1 {[%eval -718,0]} Kf4 {[%eval -743,0]} 48. Rf6+ {
[%eval -738,0]} Ke3 {[%eval -722,0]} 49. Rf1 {[%eval -715,0]} Re8 {[%eval -748,
0]} 50. Kc2 {[%eval -893,0]} Nf4 {[%eval -743,0]} 51. Kd1 {[%eval -846,0]} Nd5
{[%eval -884,0]} 52. Kc2 {[%eval -891,0]} d3+ {[%eval -949,0]} 53. Kb2 {
[%eval -989,0]} Kd4 {[%eval -989,0]} 54. Bf5 {[%eval -1089,0]} Ne3 {[%eval
-941,0]} 55. Rf4 {[%eval -1048,0]} Nxf5 {[%eval -1197,0]} 56. Rxf5 {[%eval
-1217,0]} e3 {[%eval -1258,0]} 57. Rf4+ {[%eval -1592,0]} Re4 {[%eval -1922,0]}
58. Rxe4+ $6 {[%eval -32749,0] Checkmate is now unavoidable. Rf3 was best.} (
58. Rf3 e2) 58... Kxe4 {[%eval -32751,0]} 0-1

[Event "Kvika Reykjavik Open 2022"]
[Site "Reykjavik, Iceland"]
[Date "2022.04.09"]
[Round "5.55"]
[White "Steiners, Emils"]
[Black "Jonsson, Gauti Pall"]
[Result "0-1"]
[WhiteElo "1731"]
[BlackElo "2064"]
[PlyCount "100"]
[EventDate "2022.??.??"]

1. e4 {[%eval 33,0]} c5 {[%eval 32,0]} 2. d4 {[%eval 0,0]} cxd4 {[%eval 1,0]}
3. c3 {[%eval 26,0]} d3 $2 {[%eval 77,0] Mistake. dxc3 was best.} (3... dxc3 4.
Nxc3 Nc6 5. Nf3 e6 6. Be2 Qc7 7. O-O Nf6 8. Qa4) 4. Bxd3 {[%eval 46,0]} g6 {
[%eval 97,0]} 5. Nf3 $6 {[%eval 28,0] Inaccuracy. c4 was best.} (5. c4 Bg7 6.
Ne2 Nf6 7. O-O Nc6 8. h3 O-O 9. Nbc3 b6) 5... Bg7 $6 {[%eval 8,0] Inaccuracy.
d6 was best.} (5... d6 6. O-O Bg7 7. Qe2 Nf6 8. Rd1 Qc7 9. h3 O-O 10. Bg5) 6.
O-O {[%eval 56,0]} Nc6 {[%eval 68,0]} 7. Re1 {[%eval 67,0]} d6 {[%eval 61,0]}
8. Bf4 {[%eval 56,0]} Nf6 {[%eval 53,0]} 9. Nbd2 {[%eval 33,0]} O-O {[%eval 44,
0]} 10. h3 {[%eval 38,0]} Nd7 {[%eval 39,0]} 11. Nc4 {[%eval 31,0]} Nc5 {
[%eval 69,0]} 12. Bc2 $6 {[%eval 8,0] Inaccuracy. Ne3 was best.} (12. Ne3 Ne5
13. Bc2 Bd7 14. Nxe5 dxe5 15. Bg5 Ne6 16. Bh4 Bf6 17. Bg3 Bc6 18. Bb3 Qxd1)
12... Ne6 $6 {[%eval 49,0] Inaccuracy. b5 was best.} (12... b5) 13. Bh2 {
[%eval 0,0]} b5 {[%eval 11,0]} 14. Ne3 {[%eval 12,0]} Bd7 $6 {[%eval 72,0]
Inaccuracy. b4 was best.} (14... b4 15. Nd5 bxc3 16. bxc3 Rb8 17. Bg3 Bd7 18.
e5 Nxe5 19. Nxe5 dxe5 20. Bxe5 Bxe5 21. Rxe5) 15. a3 {[%eval 7,0]} a5 {[%eval
47,0]} 16. Rb1 {[%eval 16,0]} b4 {[%eval 15,0]} 17. c4 {[%eval 22,0]} Rb8 {
[%eval 71,0]} 18. a4 $6 {[%eval -69,0] Inaccuracy. axb4 was best.} (18. axb4
Nxb4) 18... b3 {[%eval 79,0]} 19. Bxb3 {[%eval 69,0]} Nc5 {[%eval 8,0]} 20. Bc2
{[%eval 81,0]} Bxb2 {[%eval 74,0]} 21. Qe2 {[%eval 41,0]} Bg7 {[%eval 45,0]}
22. Rxb8 $6 {[%eval -97,0] Inaccuracy. Nd5 was best.} (22. Nd5 e5) 22... Nxb8
$2 {[%eval 22,0] Mistake. Qxb8 was best.} (22... Qxb8) 23. Rd1 $6 {[%eval 76,0]
Inaccuracy. e5 was best.} (23. e5 dxe5) 23... Nc6 {[%eval 52,0]} 24. e5 {
[%eval 65,0]} dxe5 {[%eval 91,0]} 25. Ng4 $4 {[%eval -108,0] Blunder. Rd5 was
best.} (25. Rd5 Qb6 26. Nxe5 Be8 27. Nxc6 Bxc6 28. Rd2 e6 29. Bd6 Rd8 30. Ng4
h5 31. Ne5 Be8) 25... f6 {[%eval -116,0]} 26. Qe3 {[%eval -122,0]} Ne6 {
[%eval -136,0]} 27. h4 $2 {[%eval -355,0] Mistake. c5 was best.} (27. c5 Ned4)
27... Ned4 {[%eval -211,0]} 28. Be4 {[%eval -399,0]} Bxg4 {[%eval -257,0]} 29.
Bxc6 {[%eval -245,0]} Qc8 $6 {[%eval -141,0] Inaccuracy. Qb6 was best.} (29...
Qb6 30. Bd5+) 30. Bd5+ $2 {[%eval -312,0] Mistake. Nxd4 was best.} (30. Nxd4
Bxd1) 30... e6 {[%eval -339,0]} 31. Be4 {[%eval -316,0]} f5 $6 {[%eval -236,0]
Inaccuracy. Qxc4 was best.} (31... Qxc4 32. Rb1) 32. Bb1 $2 {[%eval -406,0]
Mistake. Rb1 was best.} (32. Rb1) 32... Bxf3 {[%eval -335,0]} 33. gxf3 {
[%eval -392,0]} Qc6 {[%eval -339,0]} 34. Kg2 {[%eval -332,0]} Rb8 {[%eval -497,
0]} 35. Bd3 {[%eval -465,0]} Bh6 {[%eval -424,0]} 36. Be4 {[%eval -587,0]} fxe4
$2 {[%eval -268,0] Mistake. Bxe3 was best.} (36... Bxe3) 37. Qxh6 {[%eval -284,
0]} exf3+ $6 {[%eval -200,0] Inaccuracy. Nxf3 was best.} (37... Nxf3) 38. Kh1
$2 {[%eval -292,0] Mistake. Kh3 was best.} (38. Kh3 Nf5) 38... Qe4 {[%eval
-224,0]} 39. Qg5 {[%eval -218,0]} Nc6 {[%eval -399,0]} 40. h5 $2 {[%eval -502,
0] Mistake. Bg3 was best.} (40. Bg3 Qc2 41. Qd2 Qxd2 42. Rxd2 Rb4 43. c5 Rd4
44. Rb2 Rc4 45. Kh2 Rxc5 46. Rb5 Rc2) 40... Rb1 {[%eval -618,0]} 41. Qg1 {
[%eval -718,0]} Rxd1 {[%eval -721,0]} 42. Qxd1 {[%eval -892,0]} Qg4 {[%eval
-706,0]} 43. Qf1 {[%eval -878,0]} Qxh5 {[%eval -896,0]} 44. c5 {[%eval -897,0]}
Qg4 {[%eval -869,0]} 45. Bg3 {[%eval -841,0]} h5 {[%eval -831,0]} 46. Kg1 {
[%eval -1077,0]} h4 {[%eval -1046,0]} 47. Qa6 {[%eval -6614,0]} hxg3 {[%eval
-7314,0]} 48. Qc8+ {[%eval -32741,0]} Kf7 {[%eval -32745,0]} 49. Qd7+ {[%eval
-32743,0]} Ne7 {[%eval -32751,0]} 50. Qd2 {[%eval -32747,0]} gxf2+ {[%eval
-32749,0]} 0-1

[Event "Kvika Reykjavik Open 2022"]
[Site "Reykjavik, Iceland"]
[Date "2022.04.09"]
[Round "5.56"]
[White "Cramling Bellon, Anna"]
[Black "Anand, Vignesh"]
[Result "1-0"]
[WhiteElo "2057"]
[BlackElo "1829"]
[PlyCount "57"]
[EventDate "2022.??.??"]

1. d4 {[%eval 3,0]} Nf6 {[%eval 23,0]} 2. c4 {[%eval 2,0]} g6 {[%eval 3,0]} 3.
Nc3 {[%eval 31,0]} d5 {[%eval 2,0]} 4. cxd5 {[%eval 4,0]} Nxd5 {[%eval 19,0]}
5. e4 {[%eval 23,0]} Nxc3 {[%eval 21,0]} 6. bxc3 {[%eval 0,0]} Bg7 {[%eval 23,
0]} 7. Qa4+ {[%eval 13,0]} Nd7 {[%eval 12,0]} 8. Nf3 {[%eval 27,0]} O-O {
[%eval 26,0]} 9. Bg5 {[%eval 5,0]} c5 {[%eval 16,0]} 10. Rd1 {[%eval 0,0]} Nf6
{[%eval 11,0]} 11. d5 $2 {[%eval -87,0] Mistake. Bd3 was best.} (11. Bd3 Bg4)
11... Bd7 {[%eval -57,0]} 12. Qc2 {[%eval -78,0]} Qa5 {[%eval -73,0]} 13. Rc1 {
[%eval -43,0]} b5 $4 {[%eval 12,0] Blunder. e6 was best.} (13... e6 14. d6) 14.
Bd3 $6 {[%eval 55,0] Inaccuracy. Ne5 was best.} (14. Ne5) 14... e6 {[%eval 11,
0]} 15. Bxf6 {[%eval 22,0]} Bxf6 {[%eval 51,0]} 16. e5 {[%eval 53,0]} Bg7 {
[%eval 16,0]} 17. d6 {[%eval 29,0]} Bc6 {[%eval 0,0]} 18. Be4 {[%eval 0,0]}
Bxe4 {[%eval 0,0]} 19. Qxe4 {[%eval 0,0]} Qxa2 {[%eval 17,0]} 20. O-O {[%eval
6,0]} f6 $4 {[%eval 177,0] Blunder. Qd5 was best.} (20... Qd5) 21. c4 {[%eval
172,0]} fxe5 $4 {[%eval 561,0] Blunder. bxc4 was best.} (21... bxc4) 22. Ng5 {
[%eval 511,0]} Bh6 {[%eval 572,0]} 23. Rc2 {[%eval 554,0]} Qxc2 {[%eval 578,0]}
24. Qxc2 {[%eval 561,0]} Bxg5 {[%eval 593,0]} 25. cxb5 {[%eval 532,0]} Rac8 {
[%eval 623,0]} 26. Qc4 {[%eval 603,0]} Bf6 {[%eval 661,0]} 27. Ra1 {[%eval 677,
0]} Rf7 {[%eval 807,0]} 28. Qxe6 {[%eval 803,0]} Ra8 {[%eval 762,0]} 29. Qd5 {
[%eval 836,0]} 1-0

[Event "Kvika Reykjavik Open 2022"]
[Site "Reykjavik, Iceland"]
[Date "2022.04.09"]
[Round "5.57"]
[White "Barthel, Ansgar"]
[Black "Gregersen, Einar"]
[Result "1/2-1/2"]
[WhiteElo "2053"]
[BlackElo "1822"]
[PlyCount "92"]
[EventDate "2022.??.??"]

1. e4 {[%eval 33,0]} c5 {[%eval 32,0]} 2. Nf3 {[%eval 0,0]} d6 {[%eval 0,0]} 3.
d4 {[%eval 15,0]} cxd4 {[%eval 13,0]} 4. Nxd4 {[%eval 29,0]} Nf6 {[%eval 31,0]}
5. Nc3 {[%eval 18,0]} a6 {[%eval 33,0]} 6. f4 {[%eval 0,0]} e5 {[%eval 0,0]} 7.
Nf3 {[%eval 0,0]} Nbd7 {[%eval 0,0]} 8. a4 {[%eval 12,0]} Qc7 {[%eval 3,0]} 9.
Bd3 {[%eval 21,0]} Be7 {[%eval 14,0]} 10. O-O {[%eval 12,0]} O-O {[%eval 12,0]}
11. Kh1 {[%eval 26,0]} Nc5 {[%eval 6,0]} 12. Qe2 {[%eval 0,0]} Re8 {[%eval 4,0]
} 13. fxe5 {[%eval 44,0]} dxe5 {[%eval 3,0]} 14. Bg5 {[%eval 31,0]} Be6 {
[%eval 48,0]} 15. Nh4 {[%eval 44,0]} Qb6 $6 {[%eval 25,0] Inaccuracy. Nxd3 was
best.} (15... Nxd3 16. cxd3) 16. Rab1 $6 {[%eval 54,0] Inaccuracy. Nf5 was
best.} (16. Nf5 Bxf5 17. Bxf6 Be6 18. Bxe5 f6 19. Bd4 Qb4 20. Qe3 Nxd3 21. cxd3
Bd6 22. Ne2 Rad8) 16... Kh8 $6 {[%eval 6,0] Inaccuracy. Nxd3 was best.} (16...
Nxd3) 17. Nf5 {[%eval 0,0]} Nxd3 {[%eval 15,0]} 18. cxd3 {[%eval 4,0]} Ng8 {
[%eval 62,0]} 19. Nxe7 {[%eval 92,0]} Nxe7 {[%eval 63,0]} 20. b4 $6 {[%eval
-78,0] Inaccuracy. Be3 was best.} (20. Be3 Qb4 21. Qf2 Rac8 22. h3 f6 23. d4
exd4 24. Bxd4 Nc6 25. Bc5 Qb3 26. Rfd1 Ne5) 20... Rad8 $6 {[%eval 56,0]
Inaccuracy. Qc6 was best.} (20... Qc6) 21. Be3 {[%eval 59,0]} Qd6 {[%eval 56,0]
} 22. Rfd1 {[%eval 61,0]} Qd7 {[%eval 45,0]} 23. Qf2 {[%eval 67,0]} Rc8 {
[%eval 84,0]} 24. Qb2 {[%eval 61,0]} Bg4 {[%eval 34,0]} 25. Rd2 {[%eval 6,0]}
f5 {[%eval 0,0]} 26. Bg5 $2 {[%eval -54,0] Mistake. Bc5 was best.} (26. Bc5 f4
27. h3 Bh5 28. Rf1 Qe6 29. d4 exd4 30. Nd5 Nxd5 31. exd5 Qxd5 32. Qxd4 Qxd4)
26... f4 {[%eval -34,0]} 27. Bxe7 {[%eval -32,0]} Qxe7 {[%eval -16,0]} 28. Nd5
{[%eval -16,0]} Qh4 {[%eval -27,0]} 29. Rf1 $6 {[%eval -116,0] Inaccuracy. Rc2
was best.} (29. Rc2 Rxc2) 29... Rc6 {[%eval -176,0]} 30. Rdf2 $4 {[%eval -499,
0] Blunder. Kg1 was best.} (30. Kg1 Rh6) 30... Kg8 $4 {[%eval 26,0] Blunder.
Rh6 was best.} (30... Rh6 31. g3 Qxg3 32. Qd2 Qh4 33. Ne3 Bh3 34. Nf5 Bxf5 35.
exf5 Qd8 36. Qe2 Rf6 37. Qe4) 31. g3 $4 {[%eval -389,0] Blunder. Qa2 was best.}
(31. Qa2) 31... fxg3 {[%eval -400,0]} 32. Rf7 {[%eval -364,0]} Rce6 $2 {
[%eval -158,0] Mistake. h6 was best.} (32... h6 33. Qa2) 33. Nc7 $2 {[%eval
-363,0] Mistake. Qa2 was best.} (33. Qa2 h5 34. Ne3 Qh3 35. Nxg4 hxg4 36. R7f5
gxh2 37. Rf8+ Kh7 38. Qxh2 Rh6 39. Qxh3 Rxh3+) 33... R6e7 $4 {[%eval 0,0]
Blunder. Bh3 was best.} (33... Bh3 34. hxg3) 34. Rxe7 {[%eval 0,0]} Rxe7 {
[%eval 0,0]} 35. Qa2+ {[%eval 0,0]} Be6 {[%eval 0,0]} 36. Nxe6 {[%eval 0,0]}
g2+ {[%eval 15,0]} 37. Qxg2 {[%eval 0,0]} Rxe6 {[%eval 0,0]} 38. Qa2 {[%eval 0,
0]} Qh3 $4 {[%eval 723,0] Blunder. Qe7 was best.} (38... Qe7 39. Rf5 Kh8 40.
Qf2 Rf6 41. Rxf6 gxf6 42. Qf5 Kg7 43. Qg4+ Kf7 44. Qh3 Kg6 45. Qg4+) 39. Rf2 $6
{[%eval 504,0] Inaccuracy. Rf5 was best.} (39. Rf5) 39... h6 $6 {[%eval 723,0]
Inaccuracy. Qh6 was best.} (39... Qh6 40. Rf5) 40. Qd5 $4 {[%eval -71,0]
Blunder. Rf5 was best.} (40. Rf5) 40... Kh7 {[%eval 78,0]} 41. Qd7 {[%eval -75,
0]} Qg4 {[%eval -98,0]} 42. Rf1 {[%eval 9,0]} Qe2 $6 {[%eval 19,0] Inaccuracy.
h5 was best.} (42... h5 43. b5) 43. Qf7 {[%eval 33,0]} Rg6 {[%eval 0,0]} 44.
Qf3 $2 {[%eval -71,0] Mistake. Rg1 was best.} (44. Rg1 Rg5 45. Rxg5 hxg5 46.
Qf5+ g6 47. Qh3+ Kg7 48. Qd7+ Kh6 49. Qh3+ Qh5 50. Qc8 Qf3+) 44... Qd2 {
[%eval 96,0]} 45. Rg1 {[%eval -87,0]} Rxg1+ $2 {[%eval 9,0] Mistake. Rf6 was
best.} (45... Rf6 46. Qg3) 46. Kxg1 {[%eval 18,0]} Qg5+ {[%eval 4,0]} 1/2-1/2

[Event "Kvika Reykjavik Open 2022"]
[Site "Reykjavik, Iceland"]
[Date "2022.04.09"]
[Round "5.81"]
[White "Maes, Tibo"]
[Black "Sandin, Albin"]
[Result "1-0"]
[WhiteElo "1946"]
[BlackElo "1513"]
[PlyCount "55"]
[EventDate "2022.??.??"]

1. d4 Nf6 2. Nc3 d5 3. Bg5 Bf5 4. Bxf6 exf6 5. e3 c6 6. Bd3 Bg6 7. h4 Nd7 8. h5
Bxd3 9. Qxd3 Bb4 10. Nge2 Nb6 11. a3 Bd6 12. e4 dxe4 13. Nxe4 Bc7 14. O-O-O O-O
15. N2g3 Qd5 16. Kb1 Nd7 17. Nc3 Qa5 18. Nf5 b5 19. Ne7+ Kh8 20. Nxc6 Qb6 21.
Qxb5 Rfe8 22. Qxb6 Nxb6 23. Nb5 Bf4 24. g3 Bh6 25. Nc7 Rac8 26. Nxe8 Rxe8 27.
d5 Re5 28. d6 1-0